Online
Catalog

El hombre y el socialismo en Cuba / (Record no. 44581)

MARC details
000 -CABECERA
campo de control de longitud fija 00582nam a2200157 a 4500
001 - NÚMERO DE CONTROL
campo de control 000045092
005 - FECHA Y HORA DE LA ÚLTIMA TRANSACCIÓN
campo de control 20201002045854.0
008 - DATOS DE LONGITUD FIJA--INFORMACIÓN GENERAL
campo de control de longitud fija 150202s19uu ag 000 0 spa d
040 ## - FUENTE DE LA CATALOGACIÓN
Centro catalogador/agencia de origen DO-SdBNP
Lengua de catalogación spa
Centro/agencia transcriptor BNPHU
082 ## - NÚMERO DE LA CLASIFICACIÓN DECIMAL DEWEY
Número de clasificación xxxx
Número de documento/Ítem xxxx
100 1# - ENTRADA PRINCIPAL--NOMBRE DE PERSONA
Nombre de persona Guevara, Che,
Fechas asociadas al nombre 1928-1967.
9 (RLIN) 73110
245 13 - MENCIÓN DE TÍTULO
Título El hombre y el socialismo en Cuba /
Mención de responsabilidad, etc. Che Guevara.
260 ## - PUBLICACIÓN, DISTRIBUCIÓN, ETC.
Lugar de publicación, distribución, etc. [Buenos Aires, Argentina :
Nombre del editor, distribuidor, etc. Ediciones Sintesis,
Fecha de publicación, distribución, etc. 196?].
300 ## - DESCRIPCIÓN FÍSICA
Extensión 215 p. ;
Dimensiones 19 cm.
500 ## - NOTA GENERAL
Nota general Título de la cubierta : El hombre y el socialismo en Cuba ; Consejos al combatiente ; Pasajes de la guerra revolucionaria
Holdings
Estado de retiro Estado de pérdida Restricciones de uso No para préstamo Código de colección Localización permanente Ubicación/localización actual Ubicación en estantería Fecha de adquisición Número de inventario Total de préstamos Signatura topográfica completa Código de barras Fecha visto por última vez Precio válido a partir de Tipo de ítem Koha Nota pública
      Excluido de préstamo Monografías: Libros y Folletos General General En catalogación 02.02.2015 LF1   xxxx xxxx 45092-10 25.06.2020 25.06.2020 No se presta Perteneció a la biblioteca personal de Germán Emilio Ornes.

Powered by Koha